UBT Library

Contemporary business 2006 / (Record no. 44855)

000 -LEADER
fixed length control field 00926cam a22003014a 4500
001 - CONTROL NUMBER
control field 13803278
005 - DATE AND TIME OF LATEST TRANSACTION
control field 20180313053153.0
008 - FIXED-LENGTH DATA ELEMENTS--GENERAL INFORMATION
fixed length control field 041201s2006 ohua b 001 0 eng
010 ## - LIBRARY OF CONGRESS CONTROL NUMBER
LC control number 2004117232
020 ## - INTERNATIONAL STANDARD BOOK NUMBER
International Standard Book Number 0324320892 (pkg. : text, audio CD, Info Trac)
020 ## - INTERNATIONAL STANDARD BOOK NUMBER
International Standard Book Number 0324320906 (text only)
020 ## - INTERNATIONAL STANDARD BOOK NUMBER
International Standard Book Number 0324335873 (text & Info Trac)
020 ## - INTERNATIONAL STANDARD BOOK NUMBER
International Standard Book Number 0324335865 (text only)
020 ## - INTERNATIONAL STANDARD BOOK NUMBER
International Standard Book Number 0324206127 (audio CD)
040 ## - CATALOGING SOURCE
Original cataloging agency DLC
Transcribing agency DLC
Modifying agency DLC
041 ## - LANGUAGE CODE
Language code of text/sound track or separate title eng
042 ## - AUTHENTICATION CODE
Authentication code pcc
080 ## - UNIVERSAL DECIMAL CLASSIFICATION NUMBER
Universal Decimal Classification number 658 BOO
082 00 - DEWEY DECIMAL CLASSIFICATION NUMBER
Classification number 658 BOO
Edition number 22
100 1# - Rafti
Rafti 57
101 ## - Shkurtesa
Shkurtesa BIZ
245 10 - TITLE STATEMENT
Title Contemporary business 2006 /
Statement of responsibility, etc Louis E. Boone, David L. Kurtz.
504 ## - BIBLIOGRAPHY, ETC. NOTE
Bibliography, etc Includes bibliographical references and indexes.
740 02 - ADDED ENTRY--UNCONTROLLED RELATED/ANALYTICAL TITLE
Uncontrolled related/analytical title Audio chapter reviews.
906 ## - LOCAL DATA ELEMENT F, LDF (RLIN)
a 7
b cbc
c orignew
d 2
e epcn
f 20
g y-gencatlg
942 ## - ADDED ENTRY ELEMENTS (KOHA)
Source of classification or shelving scheme
Item type Books
Holdings
Withdrawn status Lost status Source of classification or shelving scheme Damaged status Not for loan Collection code Permanent location Current location Shelving location Date acquired Total Checkouts Full call number Barcode Date last seen Price effective from Koha item type
          Koleksioni i përgjithshem UBT - Lipjan UBT - Lipjan Koleksioni i përgjithshem 03/13/2018   658 BOO 002-3002072 03/13/2018 03/13/2018 Books
UBT Library © 2015-2024. All rights reserved University Education for Business and Technology